NCAA Division 1 schools in New York - Statistics

General Stats
  • This quiz has been taken 631 times
    334 since last reset
  • The average score is 13 of 22
Answer Stats
Primary Conference Full name School % Correct
ACC Syracuse University Syracuse
93%
MAC University at Buffalo Buffalo
88%
Ivy Cornell University Cornell
85%
Ivy Columbia University Columbia
84%
America East University at Albany, SUNY Albany
79%
Big East St. John's University St. John's
65%
America East Stony Brook University Stony Brook
61%
Patriot United States Military Academy Army
60%
America East Binghamton University Binghamton
60%
NEC Long Island University LIU
59%
Patriot Colgate University Colgate
58%
MAAC Manhattan College Manhattan
53%
A10 Fordham University Fordham
52%
MAAC Iona College Iona
48%
MAAC Marist College Marist
48%
MAAC Niagara University Niagara
46%
MAAC Siena College Siena
45%
A10 St. Bonaventure University St. Bonaventure
44%
Colonial Hofstra University Hofstra
43%
MAAC Canisius College Canisius
41%
NEC Wagner College Wagner
35%
NEC St. Francis College St. Francis
30%
No matching quizzes found
Score Distribution
Percent of People with Each Score
Percentile by Number Answered
Your Score History
You have not taken this quiz since the last reset